000 01128cam a22002411 4500
001 000884270
003 AM-YeHGA
005 20250617145336.0
008 790807m1903 gw 000 0 ger d
040 _aAM-YeHGA
041 0 _ager
100 1 _aZeller, Eduard,
_d1814-1908.
245 1 4 _aDie philosophie der Griechen in ihrer geschichtliche entwicklung dargestellt /
_cvon dr. Eduard Zeller.
260 _aLeipzig :
_bO.R. Reisland.,
_c1903-.
300 _av. ;
_c23 cm.
505 1 0 _gT. 1, H. 1 (1892, 5. aufl., xv, 621 p.) :
_tAllgemeine einleitung. Vorsokratische philosophie ;
_gT. 1, H. 2 (1892, 5. aufl., xiii, 624-1164 p.) :
_tAllgemeine einleitung. Vorsokratische philosophie ;
_gT. 3, Abt. 1, H. 1 (1909, 4. aufl., vi, 864 p.) :
_tDie nacharistotellsche philosophie /
_rhrsg. von dr. Eduard Wellmann ;
_gT. 3, Abt. 2, H. 2 (1903, 4. aufl., xvi, 931 p.) :
_tDie nacharistotellsche philosophie
650 0 _aPhilosophy, Ancient.
700 1 _aNestle, Wilhelm,
_d1865-1959,
_4edt
700 1 _aLortzing, Franz,
_d1841-
700 1 _aHoffmann, Ernst,
_d1880-1952.
700 1 _aWellmann, Eduard,
_4edt
090 _c311986
999 _c310270
_d310270